<?xml version="1.0" encoding="UTF-8"?>
<record
    xmlns:xsi="http://www.w3.org/2001/XMLSchema-instance"
    xsi:schemaLocation="http://www.loc.gov/MARC21/slim http://www.loc.gov/standards/marcxml/schema/MARC21slim.xsd"
    xmlns="http://www.loc.gov/MARC21/slim">

  <leader>00645cam a2200181   4500</leader>
  <controlfield tag="008">050222t1999flua          000 0 eng u</controlfield>
  <datafield tag="020" ind1=" " ind2=" ">
    <subfield code="a">1566703425</subfield>
  </datafield>
  <datafield tag="035" ind1=" " ind2=" ">
    <subfield code="a">a444252</subfield>
  </datafield>
  <datafield tag="050" ind1="0" ind2="0">
    <subfield code="a">TD756 .5 </subfield>
    <subfield code="b">C66 1999</subfield>
  </datafield>
  <datafield tag="245" ind1="1" ind2="0">
    <subfield code="a">Constructed wetlands for the treatment of landfill leachates /</subfield>
    <subfield code="c">ed. George Mulamoottil, Edward A. McBean, Frank Rovers.</subfield>
  </datafield>
  <datafield tag="260" ind1=" " ind2=" ">
    <subfield code="a">Boca Raton, FL. : </subfield>
    <subfield code="b">Lewis Publishers, </subfield>
    <subfield code="c">1999</subfield>
  </datafield>
  <datafield tag="300" ind1=" " ind2=" ">
    <subfield code="a">xvii, 281 p. : 1bil., maps ;</subfield>
    <subfield code="c">26 cm.</subfield>
  </datafield>
  <datafield tag="504" ind1=" " ind2=" ">
    <subfield code="a">Incluye bibliograf&#xED;a e &#xED;ndice</subfield>
  </datafield>
  <datafield tag="506" ind1=" " ind2=" ">
    <subfield code="a">Rec. prop. esc.</subfield>
  </datafield>
  <datafield tag="650" ind1="1" ind2="0">
    <subfield code="a">Conservacion de tierras humedas</subfield>
  </datafield>
  <datafield tag="700" ind1="1" ind2=" ">
    <subfield code="a">Mulamoottil, George, ed.</subfield>
  </datafield>
  <datafield tag="700" ind1="1" ind2=" ">
    <subfield code="a">McBean, Edward A., ed.</subfield>
  </datafield>
  <datafield tag="942" ind1=" " ind2=" ">
    <subfield code="2">lcc</subfield>
    <subfield code="c">LIB</subfield>
  </datafield>
  <datafield tag="999" ind1=" " ind2=" ">
    <subfield code="c">148293</subfield>
    <subfield code="d">148291</subfield>
  </datafield>
  <datafield tag="952" ind1=" " ind2=" ">
    <subfield code="1">0</subfield>
    <subfield code="2">lcc</subfield>
    <subfield code="4">0</subfield>
    <subfield code="7">0</subfield>
    <subfield code="a">INV-038</subfield>
    <subfield code="b">INV-038</subfield>
    <subfield code="c">GENERAL</subfield>
    <subfield code="d">2019-04-29</subfield>
    <subfield code="f">0</subfield>
    <subfield code="k">CA</subfield>
    <subfield code="o">TD756.5 C66 1999</subfield>
    <subfield code="p">BIIA000001397</subfield>
    <subfield code="r">2019-04-29 00:00:00</subfield>
    <subfield code="t">0</subfield>
    <subfield code="y">LIB</subfield>
  </datafield>
</record>
